<?xml version="1.0" encoding="UTF-8"?>
<record
    xmlns:xsi="http://www.w3.org/2001/XMLSchema-instance"
    xsi:schemaLocation="http://www.loc.gov/MARC21/slim http://www.loc.gov/standards/marcxml/schema/MARC21slim.xsd"
    xmlns="http://www.loc.gov/MARC21/slim">

  <leader>02287nam a22002657a 4500</leader>
  <datafield tag="999" ind1=" " ind2=" ">
    <subfield code="c">7732</subfield>
    <subfield code="d">7732</subfield>
  </datafield>
  <controlfield tag="003">AR-CdUCM</controlfield>
  <controlfield tag="008">190321b           ||||| |||| 00| 0 spa d</controlfield>
  <datafield tag="040" ind1=" " ind2=" ">
    <subfield code="a">MUNICIPALIDAD PROVINCIAL DEL CUSCO</subfield>
    <subfield code="c">BIBLIOTECA MUNICIPAL DEL CUSCO</subfield>
  </datafield>
  <datafield tag="082" ind1=" " ind2=" ">
    <subfield code="a">985.008 /</subfield>
    <subfield code="b">L39</subfield>
  </datafield>
  <datafield tag="100" ind1=" " ind2=" ">
    <subfield code="a">Comisi&#xF3;n Nacional del Sesquicentenario de la Independencia del Per&#xFA;</subfield>
  </datafield>
  <datafield tag="245" ind1=" " ind2=" ">
    <subfield code="a">Historia de la emancipaci&#xF3;n del Per&#xFA;: el protectorado /</subfield>
  </datafield>
  <datafield tag="260" ind1=" " ind2=" ">
    <subfield code="a">Lima :</subfield>
    <subfield code="b">Comisi&#xF3;n nacional del sesquicentenario de la independencia del Peru,</subfield>
    <subfield code="c">1972.</subfield>
  </datafield>
  <datafield tag="300" ind1=" " ind2=" ">
    <subfield code="a">VII tomos ;</subfield>
    <subfield code="c">24 cm.</subfield>
  </datafield>
  <datafield tag="440" ind1=" " ind2=" ">
    <subfield code="a">Colecci&#xF3;n Documental de la Independencia del Per&#xFA;</subfield>
    <subfield code="9">21841</subfield>
  </datafield>
  <datafield tag="505" ind1=" " ind2=" ">
    <subfield code="a">Contenido: t. 1: La independencia argentina, La independencia chilena -- Necesidad continental de la independencia peruana - rumbo, fracasos y evoluci&#xF3;n de la idea - Abascal y Pezuela - San Mart&#xED;n y Guido - la visi&#xF3;n prof&#xE9;tica, Conquista previa del pac&#xED;fico - conatos argentinos para lograrlo - &#xE9;xitos chilenos. -- T. 2: Primera alianza sudamericana, intervenci&#xF3;n armada argentino-chilena, preparativos de la expedici&#xF3;n libertadora, la desobediencia de Rancagua, coronaci&#xF3;n y realidad de la magna empresa, Expedici&#xF3;n libertadora y los patriotas del Per&#xFA;, Campa&#xF1;a al sur de Lima. -- t. 3: La divisi&#xF3;n volante de Arenales: primera campa&#xF1;a patriota de penetraci&#xF3;n en el Per&#xFA;, Iniciaci&#xF3;n de la campa&#xF1;a terrestre al norte de Lima, Cochrane y la "Esmeralda", Proyecciones b&#xE9;licas sobre el centro del Per&#xFA;. -- t. 4: En el campamento de Huaura, Proyecciones b&#xE9;licas en el sur, Proyecciones b&#xE9;licas en el centro - Segunda campa&#xF1;a de Arenales, Las negociaciones en Punchauca, Asedio, hambre y ocupaci&#xF3;n de Lima-Retirada de la Serna. -- t. 5: Monarcoman&#xED;a del Protector, Segunda &#xE9;poca: intervenci&#xF3;n argentino-chilena. -- t. 6: La delegaci&#xF3;n suprema: Torre Tagle. -- t. 7: La cuesti&#xF3;n de Guayaquil, Bolivar y el Protector, Asuntos exteriores, Los treinta d&#xED;as.</subfield>
  </datafield>
  <datafield tag="650" ind1=" " ind2=" ">
    <subfield code="a">Per&#xFA; colecciones</subfield>
    <subfield code="9">21842</subfield>
  </datafield>
  <datafield tag="650" ind1=" " ind2=" ">
    <subfield code="a">Emancipaci&#xF3;n</subfield>
    <subfield code="9">260</subfield>
  </datafield>
  <datafield tag="650" ind1=" " ind2=" ">
    <subfield code="a">Expedici&#xF3;n libertadora 1808-1824</subfield>
    <subfield code="9">21843</subfield>
  </datafield>
  <datafield tag="650" ind1=" " ind2=" ">
    <subfield code="a">Am&#xE9;rica del sur</subfield>
    <subfield code="9">742</subfield>
  </datafield>
  <datafield tag="650" ind1=" " ind2=" ">
    <subfield code="a">Guerras de independencia</subfield>
    <subfield code="9">21844</subfield>
  </datafield>
  <datafield tag="700" ind1=" " ind2=" ">
    <subfield code="a">Legu&#xED;a y Mart&#xED;nez, Germ&#xE1;n</subfield>
    <subfield code="9">21845</subfield>
  </datafield>
  <datafield tag="700" ind1=" " ind2=" ">
    <subfield code="a">Tauro, Alberto (Prologuista)</subfield>
    <subfield code="9">21846</subfield>
  </datafield>
  <datafield tag="942" ind1=" " ind2=" ">
    <subfield code="2">ddc</subfield>
    <subfield code="c">LIBROS</subfield>
  </datafield>
  <datafield tag="945" ind1=" " ind2=" ">
    <subfield code="a">davv</subfield>
  </datafield>
  <datafield tag="952" ind1=" " ind2=" ">
    <subfield code="0">0</subfield>
    <subfield code="2">ddc</subfield>
    <subfield code="4">0</subfield>
    <subfield code="7">0</subfield>
    <subfield code="a">SH</subfield>
    <subfield code="b">SH</subfield>
    <subfield code="c">REF</subfield>
    <subfield code="d">2019-03-21</subfield>
    <subfield code="g">150.00</subfield>
    <subfield code="o">985.008 / L39 / t.1</subfield>
    <subfield code="p">SH0000008514</subfield>
    <subfield code="r">2019-03-21</subfield>
    <subfield code="y">LIBROS</subfield>
  </datafield>
  <datafield tag="952" ind1=" " ind2=" ">
    <subfield code="0">0</subfield>
    <subfield code="2">ddc</subfield>
    <subfield code="4">0</subfield>
    <subfield code="7">0</subfield>
    <subfield code="a">SH</subfield>
    <subfield code="b">SH</subfield>
    <subfield code="c">REF</subfield>
    <subfield code="d">2019-03-21</subfield>
    <subfield code="g">150.00</subfield>
    <subfield code="o">985.008 / L39 / t.2</subfield>
    <subfield code="p">SH0000008511</subfield>
    <subfield code="r">2019-03-21</subfield>
    <subfield code="y">LIBROS</subfield>
  </datafield>
  <datafield tag="952" ind1=" " ind2=" ">
    <subfield code="0">0</subfield>
    <subfield code="2">ddc</subfield>
    <subfield code="4">0</subfield>
    <subfield code="7">0</subfield>
    <subfield code="a">SH</subfield>
    <subfield code="b">SH</subfield>
    <subfield code="c">REF</subfield>
    <subfield code="d">2019-03-21</subfield>
    <subfield code="g">180.00</subfield>
    <subfield code="o">985.008 / L39 / t.3</subfield>
    <subfield code="p">SH0000008512</subfield>
    <subfield code="r">2019-03-21</subfield>
    <subfield code="y">LIBROS</subfield>
  </datafield>
  <datafield tag="952" ind1=" " ind2=" ">
    <subfield code="0">0</subfield>
    <subfield code="2">ddc</subfield>
    <subfield code="4">0</subfield>
    <subfield code="7">0</subfield>
    <subfield code="a">SH</subfield>
    <subfield code="b">SH</subfield>
    <subfield code="c">REF</subfield>
    <subfield code="d">2019-03-21</subfield>
    <subfield code="g">180.00</subfield>
    <subfield code="o">985.008 / L39 / t.4</subfield>
    <subfield code="p">SH0000008513</subfield>
    <subfield code="r">2019-03-21</subfield>
    <subfield code="y">LIBROS</subfield>
  </datafield>
  <datafield tag="952" ind1=" " ind2=" ">
    <subfield code="0">0</subfield>
    <subfield code="2">ddc</subfield>
    <subfield code="4">0</subfield>
    <subfield code="7">0</subfield>
    <subfield code="a">SH</subfield>
    <subfield code="b">SH</subfield>
    <subfield code="c">REF</subfield>
    <subfield code="d">2019-03-21</subfield>
    <subfield code="g">180.00</subfield>
    <subfield code="o">985.008 / L39 / t.5</subfield>
    <subfield code="p">SH0000008516</subfield>
    <subfield code="r">2019-03-21</subfield>
    <subfield code="y">LIBROS</subfield>
  </datafield>
  <datafield tag="952" ind1=" " ind2=" ">
    <subfield code="0">0</subfield>
    <subfield code="2">ddc</subfield>
    <subfield code="4">0</subfield>
    <subfield code="7">0</subfield>
    <subfield code="a">SH</subfield>
    <subfield code="b">SH</subfield>
    <subfield code="c">REF</subfield>
    <subfield code="d">2019-03-21</subfield>
    <subfield code="g">180.00</subfield>
    <subfield code="o">985.008 / L39 / t.6</subfield>
    <subfield code="p">SH0000008515</subfield>
    <subfield code="r">2019-03-21</subfield>
    <subfield code="y">LIBROS</subfield>
  </datafield>
  <datafield tag="952" ind1=" " ind2=" ">
    <subfield code="0">0</subfield>
    <subfield code="2">ddc</subfield>
    <subfield code="4">0</subfield>
    <subfield code="7">0</subfield>
    <subfield code="a">SH</subfield>
    <subfield code="b">SH</subfield>
    <subfield code="c">REF</subfield>
    <subfield code="d">2019-03-21</subfield>
    <subfield code="g">180.00</subfield>
    <subfield code="o">985.008 / L39 / t.7</subfield>
    <subfield code="p">SH0000008517</subfield>
    <subfield code="r">2019-03-21</subfield>
    <subfield code="y">LIBROS</subfield>
  </datafield>
  <datafield tag="952" ind1=" " ind2=" ">
    <subfield code="0">0</subfield>
    <subfield code="2">ddc</subfield>
    <subfield code="4">0</subfield>
    <subfield code="7">0</subfield>
    <subfield code="a">SH</subfield>
    <subfield code="b">SH</subfield>
    <subfield code="c">REF</subfield>
    <subfield code="d">2019-03-21</subfield>
    <subfield code="g">180.00</subfield>
    <subfield code="o">985.008 / L39 / t.7 / e.2</subfield>
    <subfield code="p">SH0000008518</subfield>
    <subfield code="r">2019-03-21</subfield>
    <subfield code="t">e.2</subfield>
    <subfield code="y">LIBROS</subfield>
  </datafield>
  <datafield tag="952" ind1=" " ind2=" ">
    <subfield code="0">0</subfield>
    <subfield code="2">ddc</subfield>
    <subfield code="4">0</subfield>
    <subfield code="7">0</subfield>
    <subfield code="a">SH</subfield>
    <subfield code="b">SH</subfield>
    <subfield code="c">REF</subfield>
    <subfield code="d">2019-03-21</subfield>
    <subfield code="g">180.00</subfield>
    <subfield code="o">985.008 / L39 / t.5 / e.2</subfield>
    <subfield code="p">SH0000008519</subfield>
    <subfield code="r">2019-03-21</subfield>
    <subfield code="t">e.2</subfield>
    <subfield code="y">LIBROS</subfield>
  </datafield>
  <datafield tag="952" ind1=" " ind2=" ">
    <subfield code="0">0</subfield>
    <subfield code="2">ddc</subfield>
    <subfield code="4">0</subfield>
    <subfield code="7">0</subfield>
    <subfield code="a">SH</subfield>
    <subfield code="b">SH</subfield>
    <subfield code="c">REF</subfield>
    <subfield code="d">2019-03-21</subfield>
    <subfield code="g">180.00</subfield>
    <subfield code="o">985.008 / L39 / t.3 / e.2</subfield>
    <subfield code="p">SH0000008520</subfield>
    <subfield code="r">2019-03-21</subfield>
    <subfield code="t">e.2</subfield>
    <subfield code="y">LIBROS</subfield>
  </datafield>
  <datafield tag="952" ind1=" " ind2=" ">
    <subfield code="0">0</subfield>
    <subfield code="2">ddc</subfield>
    <subfield code="4">0</subfield>
    <subfield code="7">0</subfield>
    <subfield code="a">SH</subfield>
    <subfield code="b">SH</subfield>
    <subfield code="c">REF</subfield>
    <subfield code="d">2019-03-21</subfield>
    <subfield code="g">150.00</subfield>
    <subfield code="o">985.008 / L39 / t.1 /e.2</subfield>
    <subfield code="p">SH0000009184</subfield>
    <subfield code="r">2019-03-25</subfield>
    <subfield code="y">LIBROS</subfield>
  </datafield>
</record>
